[Event "Steyr Landesliga 1920"]
[Site "Austria"]
[Date "2019.10.05"]
[Round "2.4"]
[White "Peinhopf, Rene"]
[Black "Stuhlik, Marko"]
[Result "0-1"]
[WhiteElo "2122"]
[BlackElo "2189"]
[PlyCount "70"]
[EventDate "2019.09.28"]
[EventType "team-tourn"]
[EventRounds "11"]
[EventCountry "AUT"]
[SourceTitle "CBM 193 Extra"]
[Source "ChessBase"]
[SourceDate "2020.01.31"]
[SourceVersion "1"]
[SourceVersionDate "2020.01.31"]
[SourceQuality "1"]
[WhiteTeam "Krieglach Windheimat"]
[BlackTeam "Trofaiach Niklasdorf"]
[WhiteTeamCountry "AUT"]
[BlackTeamCountry "AUT"]

1. d4 g6 2. Nf3 Bg7 3. g3 d6 4. Bg2 c6 5. 0-0 Nf6 6. b3 a5 7. c4 Bf5 8. Nc3 Ne4 9. Nxe4 Bxe4 10. Bb2 0-0 11. e3 Nd7 12. Qe2 Qb6 13. Nd2 Bxg2 14. Kxg2 c5 15. Nf3 a4 16. Qc2 Rfc8 17. dxc5 Qxc5 18. Bxg7 Kxg7 19. Qe4 Qc6 20. Qxc6 Rxc6 21. Rfd1 Rb6 22. Nd4 Nc5 23. Rab1 axb3 24. axb3 Ne4 25. Rb2 Rba6 26. Kf3 f5 27. g4 Kf6 28. gxf5 gxf5 29. Ne2 Ra2 30. Rxa2 Rxa2 31. h4 Rxe2 32. Kxe2 Nc3+ 33. Kd2 Nxd1 34. Kxd1 Kg6 35. Ke2 Kh5 0-1

[Event "Steyr Landesliga 1718"]
[Site "Austria"]
[Date "2018.02.03"]
[Round "8.3"]
[White "Krebs, Johann"]
[Black "Peinhopf, Rene"]
[Result "1-0"]
[WhiteElo "2248"]
[BlackElo "2088"]
[PlyCount "77"]
[EventDate "2017.09.30"]
[EventType "team-tourn"]
[EventRounds "11"]
[EventCountry "AUT"]
[SourceTitle "EXT 2019"]
[Source "ChessBase"]
[SourceDate "2018.10.10"]
[SourceVersion "1"]
[SourceVersionDate "2018.10.10"]
[SourceQuality "1"]
[WhiteTeam "Frauental Strassenbahn"]
[BlackTeam "Ratten Krieglach"]
[WhiteTeamCountry "AUT"]
[BlackTeamCountry "AUT"]

1. d4 d5 2. c4 e6 3. Nc3 Nf6 4. cxd5 Nxd5 5. e4 Nxc3 6. bxc3 c5 7. Nf3 cxd4 8. cxd4 Bb4+ 9. Bd2 Bxd2+ 10. Qxd2 0-0 11. Rc1 b6 12. Bd3 Ba6 13. Bxa6 Nxa6 14. 0-0 Qd6 15. Rc4 Rfc8 16. Rfc1 Rxc4 17. Rxc4 Rd8 18. Qc3 h6 19. h4 Nb8 20. Rc7 Rd7 21. Rc8+ Rd8 22. Ne5 Rxc8 23. Qxc8+ Qf8 24. Qb7 Qe8 25. h5 a5 26. a4 f6 27. Ng6 Nd7 28. Qc6 Kf7 29. f4 Kg8 30. Kf2 Kf7 31. g4 Qd8 32. f5 Nf8 33. Ke3 exf5 34. gxf5 Nxg6 35. hxg6+ Kf8 36. d5 Qe8 37. Qc7 b5 38. d6 b4 39. d7 1-0

[Event "Steyr Landesliga 1718"]
[Site "Austria"]
[Date "2017.10.07"]
[Round "2.4"]
[White "Suttner, Claus"]
[Black "Peinhopf, Rene"]
[Result "0-1"]
[WhiteElo "2054"]
[BlackElo "2088"]
[PlyCount "134"]
[EventDate "2017.09.30"]
[EventType "team-tourn"]
[EventRounds "11"]
[EventCountry "AUT"]
[SourceTitle "CBM 181 Extra"]
[Source "ChessBase"]
[SourceDate "2017.12.12"]
[SourceVersion "1"]
[SourceVersionDate "2017.12.12"]
[SourceQuality "1"]
[WhiteTeam "Soechau"]
[BlackTeam "Ratten Krieglach"]
[WhiteTeamCountry "AUT"]
[BlackTeamCountry "AUT"]

1. d4 d5 2. Nc3 Nf6 3. g3 e6 4. Bg2 Be7 5. Nf3 0-0 6. 0-0 Nbd7 7. h3 b6 8. Ne5 Bb7 9. Bg5 c5 10. Nxd7 Qxd7 11. e3 h6 12. Bxf6 Bxf6 13. Ne2 Qb5 14. Rb1 Rac8 15. c3 Ba6 16. Re1 Qd3 17. Nf4 Qxd1 18. Rbxd1 Bc4 19. Bf1 Bxf1 20. Kxf1 b5 21. dxc5 Rxc5 22. e4 dxe4 23. Rxe4 Rc7 24. Rb4 a6 25. a3 Rfc8 26. Ke2 g6 27. Re4 h5 28. h4 Rc6 29. Re3 Rc4 30. Rd7 Bg7 31. Nd3 R4c7 32. Rxc7 Rxc7 33. Nb4 a5 34. Nc2 Bf6 35. Rd3 Be7 36. Rd4 Kg7 37. Kd3 Bc5 38. Rf4 e5 39. Re4 Re7 40. Re2 Rd7+ 41. Ke4 f5+ 42. Kf3 e4+ 43. Kg2 a4 44. Kf1 Kf6 45. Ne1 Rd1 46. Rc2 Ke5 47. Ke2 Rd6 48. Ng2 Kd5 49. c4+ bxc4 50. Nf4+ Kd4 51. Rd2+ Ke5 52. Rc2 Rb6 53. f3 Bd4 54. fxe4 Rxb2 55. Rxb2 Bxb2 56. exf5 Kxf5 57. Nd5 Kg4 58. Ne3+ Kxg3 59. Nxc4 Bxa3 60. Nb6 Bc5 61. Nxa4 Bd4 62. Kd3 Ba7 63. Nc3 Kxh4 64. Ke4 g5 65. Ne2 Kh3 66. Kf5 Kh4 67. Kg6 Kg4 0-1

[Event "Steyr Landesliga 1718"]
[Site "Austria"]
[Date "2017.09.30"]
[Round "1.4"]
[White "Peinhopf, Rene"]
[Black "Postl, Anton"]
[Result "1/2-1/2"]
[WhiteElo "2088"]
[BlackElo "2267"]
[PlyCount "35"]
[EventDate "2017.09.30"]
[EventType "team-tourn"]
[EventRounds "11"]
[EventCountry "AUT"]
[SourceTitle "CBM 181 Extra"]
[Source "ChessBase"]
[SourceDate "2017.12.12"]
[SourceVersion "1"]
[SourceVersionDate "2017.12.12"]
[SourceQuality "1"]
[WhiteTeam "Ratten Krieglach"]
[BlackTeam "Fuerstenfeld/Hartberg II"]
[WhiteTeamCountry "AUT"]
[BlackTeamCountry "AUT"]

1. d4 Nf6 2. Nf3 g6 3. g3 Bg7 4. Bg2 0-0 5. 0-0 d6 6. b3 Nc6 7. Bb2 e5 8. dxe5 Ng4 9. h3 Ngxe5 10. Nxe5 Nxe5 11. Qc1 Re8 12. c4 a5 13. Nc3 Nd7 14. Ne4 Qe7 15. Bxg7 Kxg7 16. Qb2+ Qe5 17. Qxe5+ Rxe5 18. Nc3 1/2-1/2

[Event "Steyr Landesliga 1617"]
[Site "Austria"]
[Date "2017.05.06"]
[Round "11.4"]
[White "Wilfling, Hermann"]
[Black "Peinhopf, Rene"]
[Result "1-0"]
[WhiteElo "2152"]
[BlackElo "2145"]
[PlyCount "47"]
[EventDate "2016.10.01"]
[EventType "team-tourn"]
[EventRounds "11"]
[EventCountry "AUT"]
[SourceTitle "EXT 2018"]
[Source "ChessBase"]
[SourceDate "2017.10.13"]
[SourceVersion "1"]
[SourceVersionDate "2017.10.13"]
[SourceQuality "1"]
[WhiteTeam "Feldbach Kirchberg"]
[BlackTeam "Ratten Krieglach"]
[WhiteTeamCountry "AUT"]
[BlackTeamCountry "AUT"]

1. d4 d5 2. c4 e6 3. Nc3 Nf6 4. Bg5 Be7 5. e3 0-0 6. Nf3 h6 7. Bh4 b6 8. Be2 Bb7 9. 0-0 Nbd7 10. Rc1 dxc4 11. Bxc4 Ne4 12. Nxe4 Bxh4 13. d5 exd5 14. Bxd5 Bxd5 15. Qxd5 Be7 16. Rfd1 Nc5 17. Qc4 Qe8 18. Nc3 Rd8 19. Nb5 c6 20. Nbd4 a5 21. Ne5 Rc8 22. Ng6 b5 23. Nxe7+ Qxe7 24. Qxc5 1-0

[Event "Steyr Landesliga 1617"]
[Site "Austria"]
[Date "2016.10.15"]
[Round "2.3"]
[White "Peinhopf, Rene"]
[Black "Stradner, Stefan"]
[Result "1/2-1/2"]
[WhiteElo "2145"]
[BlackElo "2206"]
[PlyCount "80"]
[EventDate "2016.10.01"]
[EventType "team-tourn"]
[EventRounds "11"]
[EventCountry "AUT"]
[SourceTitle "CBM 175 Extra"]
[Source "ChessBase"]
[SourceDate "2016.12.12"]
[SourceVersion "1"]
[SourceVersionDate "2016.12.12"]
[SourceQuality "1"]
[WhiteTeam "Ratten Krieglach"]
[BlackTeam "Fuerstenfeld/Hartberg"]
[WhiteTeamCountry "AUT"]
[BlackTeamCountry "AUT"]

1. d4 Nf6 2. Nf3 c5 3. c4 g6 4. Nc3 Bg7 5. e3 0-0 6. Be2 cxd4 7. Nxd4 d5 8. cxd5 Nxd5 9. Nxd5 Qxd5 10. Bf3 Qc5 11. 0-0 Nc6 12. Nxc6 bxc6 13. Qa4 Rd8 14. Rb1 Rb8 15. a3 Be6 16. b4 Qc4 17. Bb2 Qb5 18. Qxb5 cxb5 19. Bxg7 Kxg7 20. Rfd1 Rxd1+ 21. Rxd1 Rc8 22. h3 Rc3 23. Ra1 Bb3 24. Be2 Ba4 25. Kf1 e5 26. Ke1 e4 27. Kd2 Rc2+ 28. Ke1 Kf6 29. Bd1 Rb2 30. Bxa4 bxa4 31. Rc1 Rb3 32. Rc6+ Ke5 33. Ra6 Rxa3 34. Rxa7 Kd5 35. b5 Kc5 36. Rb7 Rb3 37. Kd2 Rxb5 38. Rxf7 Kb4 39. Kc2 a3 40. Rxh7 Rf5 1/2-1/2

[Event "Steyr Landesliga 1415"]
[Site "Austria"]
[Date "2015.03.07"]
[Round "8.5"]
[White "Stolterfoht, Daniel"]
[Black "Peinhopf, Rene"]
[Result "1/2-1/2"]
[WhiteElo "2078"]
[BlackElo "2128"]
[PlyCount "155"]
[EventDate "2014.09.27"]
[EventType "team-tourn"]
[EventRounds "11"]
[EventCountry "AUT"]
[SourceTitle "EXT 2016"]
[Source "ChessBase"]
[SourceDate "2015.10.08"]
[SourceVersion "1"]
[SourceVersionDate "2015.10.08"]
[SourceQuality "1"]
[WhiteTeam "Graz Styria"]
[BlackTeam "Horn Ratten Krieglach"]
[WhiteTeamCountry "AUT"]
[BlackTeamCountry "AUT"]

1. e4 d5 2. exd5 Qxd5 3. Nc3 Qa5 4. d4 c6 5. Bc4 Nf6 6. Bd2 Qc7 7. Nf3 Bg4 8. 0-0 e6 9. Re1 Be7 10. Qe2 0-0 11. h3 Bxf3 12. Qxf3 Nbd7 13. Bg5 Rfe8 14. Rad1 Rad8 15. Ne4 Nxe4 16. Bxe7 Rxe7 17. Qxe4 Nf6 18. Qe2 Red7 19. c3 Nd5 20. Bb3 g6 21. Qg4 Kg7 22. h4 Qf4 23. Qxf4 Nxf4 24. g3 Nd5 25. Re5 Nf6 26. Rde1 Rd6 27. R5e2 Nd7 28. Rd1 Kf6 29. Kg2 b6 30. Ree1 h6 31. Re3 Kg7 32. Ree1 a5 33. Re2 c5 34. dxc5 Nxc5 35. Rxd6 Rxd6 36. Bc2 Kf6 37. Kf3 Nd3 38. Bxd3 Rxd3+ 39. Re3 Rd2 40. Re2 Rd1 41. Rc2 Ke5 42. Ke2 Rb1 43. Kd3 Kd5 44. c4+ Kc5 45. Kc3 e5 46. b3 f5 47. Rd2 e4 48. a3 Rc1+ 49. Kb2 Rf1 50. Kc3 Rc1+ 51. Kb2 Re1 52. h5 e3 53. fxe3 Rxe3 54. hxg6 Rxg3 55. Rd5+ Kc6 56. Rxf5 Rxg6 57. Rh5 Kd6 58. b4 axb4 59. axb4 Re6 60. Kb3 Kc6 61. b5+ Kc7 62. Kb4 Rg6 63. Rh4 Kb7 64. c5 bxc5+ 65. Kxc5 Rg5+ 66. Kb4 h5 67. Ka5 Ka7 68. Rf4 Rg7 69. Rh4 Rh7 70. b6+ Kb7 71. Kb5 Rh6 72. Kc5 Rc6+ 73. Kd5 Rxb6 74. Ke5 Kc7 75. Kf5 Kd7 76. Rxh5 Rb5+ 77. Kg4 Rxh5 78. Kxh5 1/2-1/2

[Event "Ratten op 21st"]
[Site "Ratten"]
[Date "2014.05.29"]
[Round "1"]
[White "Peinhopf, Rene"]
[Black "Schnider, Gert"]
[Result "0-1"]
[WhiteElo "2126"]
[BlackElo "2353"]
[PlyCount "88"]
[EventDate "2014.05.29"]
[EventType "swiss"]
[EventRounds "5"]
[EventCountry "AUT"]
[SourceTitle "CBM 160 Extra"]
[Source "ChessBase"]
[SourceDate "2014.07.01"]
[SourceVersion "1"]
[SourceVersionDate "2014.07.01"]
[SourceQuality "1"]

1. d4 d5 2. c4 Bf5 3. e3 e6 4. Nc3 c6 5. Nf3 Nd7 6. Bd3 Bxd3 7. Qxd3 Ngf6 8. 0-0 Be7 9. e4 dxc4 10. Qxc4 0-0 11. Bg5 Rc8 12. Rad1 h6 13. Bf4 Qa5 14. Rfe1 Rfd8 15. Qb3 Qb6 16. Qc2 Bf8 17. Na4 Qa5 18. a3 c5 19. dxc5 Nxc5 20. Rxd8 Qxd8 21. Rc1 b5 22. Nxc5 Rxc5 23. Qe2 Rxc1+ 24. Bxc1 Qc7 25. Be3 b4 26. axb4 Bxb4 27. Bd4 Nxe4 28. g3 Qb7 29. Qd3 a5 30. b3 Qd5 31. Qe3 f6 32. Bb6 Nd6 33. Ba7 Nf5 34. Qe2 Qxb3 35. Kg2 Qd5 36. Qa6 Kh7 37. Bb6 Qc6 38. Qa7 a4 39. h4 h5 40. Qb8 a3 41. Qa7 a2 42. Bd8 Nd4 43. Qxd4 Bc3 44. Qd3+ f5 0-1

[Event "Obersteyr-ch"]
[Site "Muerzhofen"]
[Date "2012.01.05"]
[Round "3"]
[White "Schein, Karl Heinz"]
[Black "Peinhopf, Rene"]
[Result "1/2-1/2"]
[WhiteElo "2205"]
[BlackElo "2108"]
[PlyCount "39"]
[EventDate "2012.01.04"]
[EventType "swiss"]
[EventRounds "7"]
[EventCountry "AUT"]
[SourceTitle "EXT 2014"]
[Source "ChessBase"]
[SourceDate "2013.11.20"]
[SourceVersion "1"]
[SourceVersionDate "2013.11.20"]
[SourceQuality "1"]

1. c4 e6 2. g3 d5 3. Bg2 Nf6 4. Nf3 Be7 5. 0-0 0-0 6. b3 c5 7. Bb2 Nc6 8. d3 b6 9. Nbd2 Bb7 10. a3 Qc7 11. Qc2 Rad8 12. Rfe1 Rfe8 13. e4 dxe4 14. dxe4 h6 15. Rad1 Nd7 16. e5 Bf8 17. Qc3 Ne7 18. Qe3 Nb8 19. g4 Rd7 20. Ne4 1/2-1/2

[Event "Ratten op 18th"]
[Site "Ratten"]
[Date "2011.06.02"]
[Round "2"]
[White "Peinhopf, Rene"]
[Black "Hoebarth, Guenter"]
[Result "1-0"]
[WhiteElo "2087"]
[BlackElo "1948"]
[PlyCount "65"]
[EventDate "2011.06.02"]
[EventType "swiss"]
[EventRounds "5"]
[EventCountry "AUT"]
[SourceTitle "CBM 143 Extra"]
[Source "ChessBase"]
[SourceDate "2011.08.29"]
[SourceVersion "1"]
[SourceVersionDate "2011.08.29"]
[SourceQuality "1"]

1. d4 d6 2. Nf3 Bg4 3. e3 Nf6 4. Be2 c6 5. 0-0 Nbd7 6. c4 e6 7. Nc3 Be7 8. b3 0-0 9. Bb2 Qa5 10. h3 Bh5 11. Qc2 Rac8 12. Rfd1 b5 13. a3 bxc4 14. bxc4 Rb8 15. Rdb1 Rb7 16. Nd2 Bxe2 17. Nxe2 Rfb8 18. Bc3 Qa6 19. Rxb7 Rxb7 20. Nf4 g5 21. Nd3 d5 22. c5 Ne4 23. Nxe4 dxe4 24. Nb4 Qc4 25. Nxc6 Bf6 26. Na5 Qa6 27. Nxb7 Qxb7 28. Rb1 Qa6 29. Be1 Qc6 30. Qb3 Bd8 31. Qb7 Qa4 32. c6 Nb6 33. c7 1-0

[Event "Latschach op 26th"]
[Site "Latschach"]
[Date "2010.08.15"]
[Round "3"]
[White "Peinhopf, Rene"]
[Black "Medancic, Rikard"]
[Result "1/2-1/2"]
[WhiteElo "2063"]
[BlackElo "2286"]
[PlyCount "179"]
[EventDate "2010.08.14"]
[EventType "swiss"]
[EventRounds "9"]
[EventCountry "AUT"]
[SourceTitle "CBM 138 Extra"]
[Source "ChessBase"]
[SourceDate "2010.10.29"]
[SourceVersion "1"]
[SourceVersionDate "2010.10.29"]
[SourceQuality "1"]

1. d4 f5 2. Nf3 Nf6 3. c4 e6 4. Nc3 Bb4 5. Bd2 0-0 6. g3 b6 7. Bg2 Bb7 8. 0-0 d6 9. Nb1 Bxd2 10. Qxd2 Qe8 11. Nc3 Ne4 12. Qc2 Nxc3 13. Qxc3 Nd7 14. e3 Qh5 15. Nd2 Bxg2 16. Kxg2 e5 17. dxe5 Nxe5 18. Qc2 Rae8 19. Qd1 Qg6 20. Nf3 Nxf3 21. Qxf3 Re4 22. b3 f4 23. exf4 Rexf4 24. Qd5+ Kh8 25. Rae1 R4f6 26. Qe4 Qf7 27. f4 Qd7 28. Qe7 Qc8 29. Re2 a5 30. Rfe1 h6 31. Qe4 Qg4 32. Qf3 Qf5 33. Re7 R6f7 34. Qe4 Qf6 35. Qe6 Qxe6 36. R1xe6 Kg8 37. Kf3 a4 38. b4 b5 39. cxb5 Rb8 40. Re8+ Rf8 41. R8e7 Rf7 42. Re8+ Rf8 43. Rxb8 Rxb8 44. a3 Rxb5 45. Re8+ Kf7 46. Ra8 c5 47. Ra5 Rb7 48. bxc5 dxc5 49. Rxa4 Rb2 50. Rc4 Rb3+ 51. Kg4 Rxa3 52. Rxc5 g6 53. h3 Kf6 54. Kh4 Ra4 55. Rc6+ Kg7 56. Rb6 Rc4 57. Kg4 Rc3 58. h4 h5+ 59. Kh3 Rc2 60. Rb3 Rf2 61. Rb1 Kf6 62. Rg1 Kf5 63. Rg2 Rf3 64. Re2 Kf6 65. Kg2 Rb3 66. Kf2 Ra3 67. Re3 Ra2+ 68. Kf3 Ra4 69. g4 hxg4+ 70. Kxg4 Ra6 71. Re5 Rb6 72. h5 gxh5+ 73. Rxh5 Kg7 74. Ra5 Rc6 75. Kg5 Rg6+ 76. Kf5 Rf6+ 77. Ke5 Rb6 78. Ra7+ Kf8 79. Kf5 Rc6 80. Kg5 Rb6 81. f5 Rc6 82. Rh7 Ra6 83. Rh6 Rxh6 84. Kxh6 Kf7 85. Kg5 Kg7 86. f6+ Kf7 87. Kf5 Kf8 88. Kg6 Kg8 89. f7+ Kf8 90. Kf6 1/2-1/2